| 000 | 00706aam a2200277 4500 | ||
|---|---|---|---|
| 005 | 20240503172243.0 | ||
| 008 | 150526b2009 xxu||||| |||| 00| 0 spa d | ||
| 020 | _a9789968502085 | ||
| 041 | _aESP | ||
| 041 | _aING | ||
| 082 | _a551.21 B499c | ||
| 100 | _aBergoeing, Jean Pierre | ||
| 245 | _aCosta Rica, paisajes volcánicos= volcanic landscapes | ||
| 260 | _aCosta Rica | ||
| 260 | _bJadine | ||
| 260 | _c2009 | ||
| 300 | _a76 páginas | ||
| 505 | _aContiene fotografías | ||
| 650 | _aCOSTA RICA | ||
| 650 | _aVOLCANES | ||
| 650 | _aGEOMORFOLOGÍA | ||
| 650 | _aCORDILLERA VOLCÁNICA CENTRAL | ||
| 650 | _aCORDILLERA VOLCÁNICA DE GUANACASTE | ||
| 942 |
_cBK _2ddc |
||
| 999 |
_c2322 _d2322 |
||